000 00396nam a2200169Ia 4500
008 230524s9999 xx 000 0 und d
020 _a8189757881
082 _a621.381
_bSHA
100 _aSanjay Sharma
245 0 _aElectronics Principles
250 _a1
260 _aNew Delhi
_bKatson
_c2009
300 _a902p;
500 _aQuantity Number: 1
650 _aElectronics
942 _cBK
999 _c56484
_d56484